Rebuilding “corporate social responsibility” indexes: How to break with financial totalitarianism. (Record no. 529094)

000 -LEADER
fixed length control field 00819nam a22001337a 4500
008 - FIXED-LENGTH DATA ELEMENTS--GENERAL INFORMATION
fixed length control field 250220b ||||| |||| 00| 0 eng d
100 ## - MAIN ENTRY--PERSONAL NAME
Personal name Juvin, Herve
245 ## - TITLE STATEMENT
Title Rebuilding “corporate social responsibility” indexes: How to break with financial totalitarianism.
260 ## - PUBLICATION, DISTRIBUTION, ETC. (IMPRINT)
Place of publication, distribution, etc World Affairs: The Journal of International Issues
300 ## - PHYSICAL DESCRIPTION
Extent 28(4), Oct-Dec, 2024: p.52-61
520 ## - SUMMARY, ETC.
Summary, etc This article draus a comparison between the modern global guidelines intended to promote “diversity, equity and intended to current western liberal nations and he traditional principal of respect for the customs and rules of other societies squally practiced by traders across Eurasia during past centauries. – Reproduced
773 ## - HOST ITEM ENTRY
Main entry heading World Affairs: The Journal of International Issues
942 ## - ADDED ENTRY ELEMENTS (KOHA)
Item type Articles
Holdings
Withdrawn status Lost status Source of classification or shelving scheme Damaged status Not for loan Permanent location Current location Date acquired Serial Enumeration / chronology Barcode Date last seen Koha item type
          Indian Institute of Public Administration Indian Institute of Public Administration 2025-02-20 28(4), Oct-Dec, 2024: p.52-61 AR135247 2025-02-20 Articles

Powered by Koha